[Event "Pan American-ch Hybrid U14 31st"]
[Site "Tornelo INT"]
[Date "2021.09.04"]
[Round "1"]
[White "Ramazzotte, Maicon Zilli"]
[Black "Clark, Tarquin"]
[Result "1-0"]
[WhiteElo "1446"]
[BlackElo "1025"]
[PlyCount "51"]
[EventDate "2021.09.04"]
[EventType "swiss"]
[EventRounds "9"]
[EventCountry "NET"]
[SourceTitle "EXT 2023"]
[Source "ChessBase"]
[SourceDate "2022.10.05"]
[SourceVersion "1"]
[SourceVersionDate "2022.10.05"]
[SourceQuality "1"]

1. d4 d5 2. c4 c6 3. Nc3 Nf6 4. Nf3 e6 5. Bg5 Be7 6. e3 Nbd7 7. cxd5 exd5 8. Bd3 b5 9. Rc1 Bb7 10. 0-0 0-0 11. Ne2 h6 12. Bf4 a6 13. h3 Rc8 14. Ng3 c5 15. a3 Ne4 16. Bb1 Nef6 17. Ne5 cxd4 18. Rxc8 Qxc8 19. exd4 Re8 20. Qd3 Bd6 21. Rc1 Qd8 22. Nxf7 Kxf7 23. Qg6+ Kg8 24. Nf5 Nh5 25. Nxh6+ Kh8 26. Qh7# 1-0

[Event "American World Cup Q Prelim"]
[Site "Tornelo INT"]
[Date "2021.05.09"]
[Round "5"]
[White "Clark, Tarquin"]
[Black "Chin, Peter"]
[Result "1-0"]
[WhiteElo "1058"]
[BlackElo "1196"]
[PlyCount "53"]
[EventDate "2021.05.08"]
[EventType "swiss (rapid)"]
[EventRounds "9"]
[EventCountry "USA"]
[SourceTitle "CBM 202 Extra"]
[Source "ChessBase"]
[SourceDate "2021.07.31"]
[SourceVersion "1"]
[SourceVersionDate "2021.07.31"]
[SourceQuality "1"]

1. e4 c5 2. Nf3 d6 3. d4 cxd4 4. Nxd4 Nf6 5. Nc3 g6 6. Be3 Ng4 7. Qd2 Nxe3 8. Qxe3 Bg7 9. f3 0-0 10. Bd3 a6 11. 0-0-0 Bd7 12. g4 e5 13. Nde2 Nc6 14. h4 Rc8 15. Rdg1 Nb4 16. h5 Nxd3+ 17. cxd3 b5 18. h6 Bh8 19. f4 exf4 20. Qxf4 b4 21. Qxd6 bxc3 22. Nxc3 Bxc3 23. bxc3 Rxc3+ 24. Kb2 Rc6 25. Qd4 Qb8+ 26. Ka3 Rfc8 27. Qg7# 1-0

[Event "Wch FIDE Online U14 America qual"]
[Site "Tornelo INT"]
[Date "2020.12.01"]
[Round "1"]
[White "Clark, Tarquin"]
[Black "Melian, Juan Sebastian"]
[Result "0-1"]
[WhiteElo "1002"]
[BlackElo "1597"]
[PlyCount "54"]
[EventDate "2020.12.01"]
[EventType "swiss (rapid)"]
[EventRounds "7"]
[EventCountry "ISS"]
[SourceTitle "EXT 2022"]
[Source "ChessBase"]
[SourceDate "2021.10.06"]
[SourceVersion "1"]
[SourceVersionDate "2021.10.06"]
[SourceQuality "1"]

1. e4 c5 2. Nf3 e6 3. d4 cxd4 4. Nxd4 a6 5. a3 Nf6 6. Nc3 Qc7 7. Be3 b5 8. f3 Bb7 9. Be2 d5 10. exd5 Nxd5 11. Nxd5 Bxd5 12. Qd2 Nd7 13. 0-0-0 Rc8 14. Kb1 Be7 15. Rdg1 Nb6 16. c3 Na4 17. g4 0-0 18. h4 Rfd8 19. h5 Bxa3 20. g5 Bxb2 21. h6 Bxc3 22. Qc2 Bxd4 23. Qxh7+ Kxh7 24. hxg7+ Kxg7 25. Bxd4+ e5 26. g6 Qc2+ 27. Ka1 Qa2# 0-1